[Event "North American-ch U12"]
[Site "Montreal"]
[Date "2010.08.19"]
[Round "7"]
[White "Kubrynski, Simon"]
[Black "Budaghyan, David"]
[Result "1-0"]
[WhiteElo "962"]
[BlackElo "877"]
[PlyCount "105"]
[EventDate "2010.08.16"]
[EventType "swiss"]
[EventRounds "7"]
[EventCountry "CAN"]
[SourceTitle "EXT 2013"]
[Source "ChessBase"]
[SourceDate "2012.11.22"]
[SourceVersion "1"]
[SourceVersionDate "2012.11.22"]
[SourceQuality "1"]

1. e4 c5 2. Nf3 Nc6 3. Nc3 g6 4. Bc4 Nf6 5. Ng5 e6 6. 0-0 h6 7. Nf3 Nd4 8. Nxd4 cxd4 9. Ne2 d5 10. exd5 exd5 11. Bb5+ Bd7 12. Nxd4 Bxb5 13. Nxb5 a6 14. Nc3 Be7 15. b3 0-0 16. Re1 Rc8 17. Bb2 Re8 18. Na4 b5 19. Nc3 b4 20. Ne2 Qc7 21. c3 a5 22. cxb4 axb4 23. Rc1 Qd6 24. Rxc8 Rxc8 25. Nd4 Ra8 26. a4 bxa3 27. Nb5 Qd7 28. Qa1 Ne4 29. Nxa3 Nxd2 30. Qc1 Bg5 31. Qc3 d4 32. Qxd4 Qxd4 33. Bxd4 Nxb3 34. Bb2 f5 35. Nc4 Kf7 36. Nd6+ Kf8 37. h3 Be7 38. Nc4 Re8 39. Ne5 Kg7 40. Ng4+ Kh7 41. Nf6+ Bxf6 42. Rxe8 Bxb2 43. Rb8 Bd4 44. Rxb3 g5 45. Kh2 Bxf2 46. Rf3 Bb6 47. Rxf5 Bc7+ 48. g3 Kg6 49. Rc5 Bb8 50. Rc6+ Kh5 51. Kg2 Ba7 52. g4+ Kh4 53. Rxh6# 1-0

[Event "North American-ch U12"]
[Site "Montreal"]
[Date "2010.08.17"]
[Round "4"]
[White "Li, George"]
[Black "Budaghyan, David"]
[Result "1-0"]
[WhiteElo "1177"]
[BlackElo "877"]
[PlyCount "55"]
[EventDate "2010.08.16"]
[EventType "swiss"]
[EventRounds "7"]
[EventCountry "CAN"]
[SourceTitle "EXT 2013"]
[Source "ChessBase"]
[SourceDate "2012.11.22"]
[SourceVersion "1"]
[SourceVersionDate "2012.11.22"]
[SourceQuality "1"]

1. e4 c5 2. Nf3 Nc6 3. d4 cxd4 4. Nxd4 g6 5. Nxc6 bxc6 6. c4 Qa5+ 7. Bd2 Qc7 8. Nc3 Bg7 9. Bd3 Nf6 10. Qe2 d6 11. 0-0 0-0 12. Rfe1 Nd7 13. Rad1 Ne5 14. Bf4 Rd8 15. h3 Bb7 16. Bc2 e6 17. b3 d5 18. exd5 f6 19. dxe6 Rxd1 20. Rxd1 Qe7 21. Bxe5 fxe5 22. Rd7 Qb4 23. Na4 Re8 24. Qe3 Ra8 25. Nc5 Bc8 26. Rd8+ Bf8 27. e7 Kf7 28. exf8Q# 1-0